000 nam a22 7a 4500
999 _c8020
_d8020
008 171121b xxu||||| |||| 00| 0 eng d
100 _aMadan.R.B.
_94474
245 _aPeriwinkle English
260 _bPeriwinkle
_c2007